|
|
|
|
| LEADER |
00721cam a2200193ua 4500 |
| 020 |
|
|
|a 9971-51-423-0
|
| 082 |
|
|
|a 620.103
|b MER/E.1
|
| 100 |
|
|
|a Meriam, J.L.
|
| 245 |
1 |
0 |
|a Engineering mechanics: Volume-1-Statics
|
| 250 |
|
|
|a 5th.
|
| 260 |
|
|
|a Singapore:
|b John Wiley,
|c 2006.
|
| 300 |
|
|
|a xviii, 494p.
|
| 650 |
|
|
|a Engineering & allied operations
|
| 650 |
0 |
|
|a Engineering -applied statics
|
| 700 |
0 |
2 |
|a Kraige, L.G.
|
| 942 |
|
|
|c BK
|
| 999 |
|
|
|c 11931
|d 11931
|
| 952 |
|
|
|0 0
|1 0
|4 0
|6 620_103000000000000_MERE
|7 0
|9 12448
|a KUCL
|b KUCL
|d 2014-05-23
|l 0
|o 620.103 MER/E.
|p 13808
|r 2014-05-23
|w 2014-05-23
|y BK
|
| 952 |
|
|
|0 0
|1 0
|4 0
|6 620_103000000000000_MERE
|7 0
|9 12449
|a KUCL
|b KUCL
|d 2014-05-23
|l 0
|o 620.103 MER/E.
|p 22375
|r 2014-05-23
|w 2014-05-23
|y BK
|